Communes de Bretagne par initiale - Statistiques

Statistiques générales
  • Ce quiz a été pris 179 fois
  • Le résultat moyen est 4 sur 8
Statistiques - réponses
Indice 1 Indice 2 Commune % Correct
B Port important, deuxième port militaire en France après Toulon Brest
99%
R Commune du nord-ouest de la France, chef-lieu de département Rennes
97%
G Située dans le département des Côtes-d'Armor, connue pour son club de football Guingamp
92%
A Se trouve a vol d'oiseau à 17 km à l'ouest de Vannes, à 30 km à l'est-sud-est de Lorient et à 40 km au sud de Pontivy., connue pour son pardon Auray
67%
T Capitale historique du Trégor. Cathédrale, ruelles et maisons à pans de bois comptent parmi les éléments caractéristiques de cette ancienne cité épiscopale. Tréguier
32%
N Limitrophe à l'ouest de Pontivy, Noyal-Pontivy
25%
E Se situe à 18 km d'Auray, 30 km de Lorient et 30 km de Vannes. Etel
23%
E Située dans la baie de Saint-Brieuc Etables-sur-Mer
11%
Aucun quiz correspondant
Distribution des résultats
% des personnes avec chaque résultat
Percentile par nombre de réponses
Votre historique - résultats
Vous n’avez pas pris ce quiz